| 000 | 00409nam a2200109Ia 4500 | ||
|---|---|---|---|
| 008 | 160531s9999 xx 000 0 und d | ||
| 100 | _aMorales-Rodriguez, Ricardo. | ||
| 245 | _aThermodynamics: Fundamentals and Its Application in Science | ||
| 245 | _cby Ricardo Morales-Rodriguez (ed.) | ||
| 260 | _c2012 | ||
| 856 | _uhttp://www.intechopen.com/books/thermodynamics-fundamentals-and-its-application-in-science | ||
| 999 |
_c295286 _d295286 |
||